Quizzes
Events
Quiz Creation
Community
Videos
Private Events
Remove Ads
Sign In
Join for FREE
Feedback
Dark Mode
Quiz Categories
Sports
Geography
Music
Movies
Television
Just For Fun
Miscellaneous
History
Literature
Language
Science
Gaming
Entertainment
Religion
Holiday
For Kids
Quiz Lab
Recent
Popular Today
Quiz Kudos Today
Editor Picks
Curator Picks
Quizzes by...
Day
Popularity
Type
Ratings
Length
Year
Community
Subscriptions
Recent Discussions
Orange Saloon
Badges
Playlists
Quests
Create
Leaderboards
Showdown
Live 5
Trivia Bingo
Activity
Puzzle Library
Sporcle Events
Private Events
Virtual Trivia
Globe League
Become a Host
Pub Owners
SporcleCon
Opinionation
Our Games
Videos
Blog
Mobile Apps
Partnerships
Remove Ads and Go Orange
Feedback
Sports
Athletes
MLB
NBA
NHL
NFL
Soccer
Sports Teams
WWE
NCAA
Football
Premier League
Basketball
Baseball
Hockey
Golf
Tennis
Cricket
Rugby
Auto Racing
Olympics
World Cup
Sports
Athletes
MLB
NBA
NHL
NFL
Soccer
Sports Teams
WWE
NCAA
Football
Premier League
Basketball
Baseball
Hockey
Golf
Tennis
Cricket
Rugby
Auto Racing
Olympics
World Cup
Random Quiz
Search Sporcle
×
Quiz Lab
Quiz Lab
Sports
Soccer
Type in answers that appear in a list
Type in answers that appear in a list
Classic
Best Score? Go Orange.
Ligue 1 2015-2016 All Own-Goal Scorers Stats
Can you name the Ligue 1 2015-2016 All Own-Goal Scorers?
By
ArnaudSLZ
15m
30 Questions
30 Plays
30 Plays
30 Plays
Comments
Comments
Give Quiz Kudos
Give Quiz Kudos
-
- Ratings
hide this ad
Replay
Link that replays current quiz
Next Quiz
Link to next quiz in quiz playlist
You Got
0%
They Got
Avg Score
31%
Avg Friend Score
Upgrade to see
Score Distribution
Jump to the score distribution portion of the page
Score
0/30
Timer
15:00
0
Plays Today
Club
Players
% Correct
Olympique de Marseille
Karim REKIK
70%
Olympique Lyonnais
Mapou YANGA-MBIWA
63.3%
Olympique de Marseille
Nicolas N'KOULOU
60%
Olympique Lyonnais
Maxime GONALONS
56.7%
GFCA Ajaccio
Rodéric FILIPPI
50%
EA Guingamp
Chistophe KERBRAT
50%
PSG
Marco VERRATTI
50%
Olympique Lyonnais
RAFAEL
46.7%
Girondins de Bordeaux
Nicolas PALLOIS
43.3%
Stade de Reims
Hamari TRAORE
40%
SM Caen
Alaeddine YAHIA
36.7%
FC Nantes
Lorik CANA
33.3%
Girondins de Bordeaux
Cédric CARRASSO
33.3%
SC Bastia
François MODESTO
33.3%
EA Guingamp
Jérémy SORBON
33.3%
Club
Players
% Correct
OGC Nice
Romain GENEVOIS
26.7%
ESTAC Troyes
Chris MAVINGA
23.3%
ESTAC Troyes
Maxime SAUNIER
23.3%
Stade Rennais
Fallou DIAGNE
20%
GFC Ajaccio
Pablo MARTINEZ
16.7%
Stade de Reims
Prince ONIANGUE
16.7%
SM Caen
Ronny RODELIN
16.7%
SCO Angers
Arnold BOUKA MOUTOU
13.3%
AS Monaco
Guido CARRILLO
13.3%
Girondins de Bordeaux
Frédéric GUILBERT
13.3%
GFC Ajaccio
Issiaga SYLLA
13.3%
Toulouse FC
Steeve YAGO
13.3%
ES Guingamp
Maxime BACA
10%
EA Guingamp
Reynald LEMAITRE
10%
ESTAC Troyes
Thomas AYASSE
6.7%
Quiz Playlist
Details
Report
Send in Message
Add To Playlist
Classic:
Type in answers that appear in a list
Last Updated: Feb 16, 2017
Quiz Scoreboard
CHALLENGE
Sign Up to Join the Scoreboard
Show All
Scores
Hide
Comments
May contain spoilers
Recently Published
College Basketball Coaching Resumes
by pancakes188
Sports
9m
Billboard Blitz: Fleetwood Mac
by CooCooCachoo
Music
15s
Presidents Visiting Landmarks
by Hejman
History
7m
More to Explore
Quiz From the Vault
Featured Blog Post
Where Did the Easter Bunny Come From?
hide this ad
You Might Also Like...
Tags
Football Quiz
Soccer Quiz
Footballer
Ligue 1
Today's Top Quizzes in Sports
Browse Sports
hide this ad
Today's Top Quizzes in Soccer
Browse Soccer
Top Contributed Quizzes in Sports
1
Les meilleurs buteurs des matchs entre le PSG et l’OM
2
2022 World Cup Stars
3
FIFA Club World Cup Champions
4
Les entraîneurs de l'OM et du PSG au 21e siècle
5
Criteria MLB: Left Handed Sluggers
6
AFC Teams Reveal (Wrong Answers Minefield)
7
5-to-1: UK Sports Teams
8
Name the Premier League winners with different clubs
9
5-to-1: FBS Animal Nicknames
10
Players with Multiple 50 Home Run Seasons
Explore More
Trending Topics
Disney
Anime
Crossword
Harry Potter
Kpop
NBA
Marvel
Soccer
NFL
Puzzle
WWE
The Office
Song
Country
Pokémon
hide this ad
More By:
ArnaudSLZ
Quiz
Plays
Rating
Category
Featured
Created
L'Equipe de France au Stade de France
649
Sports
Sep 9, 2019
A-Z PSG Best Scorers
518
4.33
Sports
Mar 4, 2015
Joueurs de Ligue 1/Ligue 2 à la Coupe du Monde 2018
463
Sports
Jun 5, 2018
Ligue 1 2015-2016 All Scorers
289
5.00
Sports
May 12, 2016
Tous les buteurs en Ligue 1 lors de la Saison 2017-2018
273
Sports
Jun 8, 2018
Go to Creator's Profile
Score Distribution
Quiz Creator Spotlight
ArnaudSLZ
Follow
Send a Message
Quizzes Created
-
Created Quiz Play Count
-
More By This Creator
Popular Quizzes Today
1
Find the US States - No Outlines Minefield
2
Find the Countries of Europe - No Outlines Minefield
3
The Countries of the World
4
Find the US States
5
Risky Map Clicking: Biggest States A-Z
6
US States
7
Popular People in 1961
8
Movies - When Are They Set?
More Sports Quizzes
MLB players with most games with 1 walk , in a season
Quiz Lab
Trending Quizzes
Risky Map Clicking: Least Populous States A-Z
1-10 Letter G Words
1-10 Letter F Words
Risky Map Clicking: Next State Alphabetically
Click the Washington State Counties! (Map)
Recently Updated
Leaping Animals
pecheneg
Reality TV Shows (A-Z)
bhenderson79
Rickey Henderson's Hall of Fame Teammates
pecheneg
Champions League XIs: Arsenal
pecheneg
Quick Pick: Celebrities in WWE's Hall of Fame
aduchscher
A-Z Keypad Blitz II
pecheneg
Multiple Oscar Actors
pecheneg
Mystery Phrase Blitz: Oscar 'Best Actors'
pecheneg
F. Scott Fitzgerald Novels
LTH
Pick 3 Villains
ddd62291
Trending Topics
Marvel
Disney
Crossword
NBA
Kpop
Harry Potter
Anime
WWE
Pokémon
Country
Puzzle
The Office
NFL
Soccer
Song
Your Account Isn't Verified!
In order to create a playlist on Sporcle, you need to verify the email address you used during registration. Go to your
Sporcle Settings
to finish the process.
Report this User
Report this user for behavior that violates our
Community Guidelines
.
Details:
Send Report
Go to the Sporcle.com Mobile Site →
Comments